|
|
|
|
| LEADER |
00000cam a2200000 7i4500 |
| 001 |
0000086897 |
| 005 |
20200522.0 |
| 008 |
130702 bm |
| 020 |
|
|
|a 967948212x
|
| 090 |
0 |
0 |
|a 306
|b ASM
|
| 100 |
1 |
|
|a Asmad
|
| 245 |
1 |
0 |
|a Seni Kehidupan dan Kemasyarakatan
|c Asmad
|
| 260 |
|
|
|a Melaka :
|b Associated Educational ,
|c 1990
|
| 300 |
|
|
|a 140p. :
|b ill. ;
|c 21cm.
|
| 440 |
|
0 |
|a Siri Bunga Rampai Kebudayaan Malaysia
|
| 650 |
0 |
0 |
|a Social Life and customs
|
| 999 |
|
|
|a 0000108605
|b Buku
|c Koleksi Pinjaman Kanak-Kanak
|e Perpustakaan Cawangan Masjid Tanah
|
| 999 |
|
|
|a 0000208670
|b Buku
|c Koleksi Melaka
|e Perbadanan Perpustakaan Awam Melaka
|